000 00805nam a22002535a 4500
999 _c330762
_d330762
001 13675141
003 NUST
005 20180116122804.0
008 010109s2000 pk b 000 0 eng
010 _a 2001310023
020 _a969351095x
025 _aP-E-2001310023;07
035 _a(DLC) 2001310023
040 _aDLC
_cDLC
042 _alcode
082 _a954.552
_bGAZ
245 0 0 _aGazetteer of the Ambala District 1883-84.
260 _aLahore :
_bSang-e-Meel Publications,
_c2000.
300 _aiv, 82, xxvii p. ;
_c25 cm.
500 _aOriginally published: Punjab Government, India, between 1870-1874.
504 _aIncludes bibliographical references.
906 _a7
_bibc
_corigode
_d3
_encip
_f20
_gy-gencatlg
942 _2ddc
_cBK